100 Most Populated Cities In The World - Statistics

General Stats
  • This quiz has been taken 68 times
  • The average score is 62 of 100
Answer Stats
Population Rank Country Answer % Correct
37,036,000 1 Japan Tokyo
98%
23,074,000 5 Egypt Cairo
97%
22,596,000 8 China Beijing
94%
34,666,000 2 India Delhi
94%
19,154,000 10 United States New York City
94%
22,990,000 6 Brazil São Paulo
94%
30,482,000 3 China Shanghai
94%
22,753,000 7 Mexico Mexico City
92%
12,737,000 26 Russia Moscow
92%
11,347,000 33 France Paris
92%
12,678,000 27 United States Los Angeles
91%
13,923,000 24 Brazil Rio de Janeiro
91%
10,026,000 37 South Korea Seoul
91%
16,237,000 16 Turkey Istanbul
89%
15,231,000 19 Philippines Manila
89%
15,752,000 18 Argentina Buenos Aires
88%
7,769,000 56 Hong Kong Hong Kong
88%
11,517,000 31 Peru Lima
88%
18,922,000 11 Japan Osaka
88%
11,392,000 32 Thailand Bangkok
86%
24,653,000 4 Bangladesh Dhaka
86%
11,634,000 30 Indonesia Jakarta
86%
17,156,000 15 Nigeria Lagos
86%
22,089,000 9 India Mumbai
86%
9,042,000 44 United States Chicago
85%
11,796,000 29 Columbia Bogota
83%
9,816,000 39 Vietnam Ho Chi Minh City
83%
6,811,000 61 Spain Madrid
83%
5,249,000 90 Australia Sydney
83%
9,730,000 40 Iran Tehran
83%
9,000,000 45 Malaysia Kuala Lumpur
82%
6,491,000 64 Canada Toronto
82%
6,890,000 60 United States Houston
80%
7,953,000 53 Saudi Arabia Riyadh
80%
5,604,000 93 South Africa Cape Town
79%
5,733,000 80 Spain Barcelona
77%
6,732,000 63 United States Dallas
77%
18,077,000 13 Pakistan Karachi
77%
17,778,000 14 D.R. Congo Kinshasa
77%
6,157,000 71 Singapore Singapore
77%
8,141,000 51 Iraq Baghdad
76%
6,999,000 59 Chile Santiago
76%
5,597,000 84 Russia St. Petersburg
76%
5,602,000 82 Vietnam Hanoi
74%
6,445,000 65 South Africa Johannesburg
74%
8,986,000 46 China Wuhan
74%
4,877,000 98 Afghanistan Kabul
73%
6,373,000 66 United States Miami
73%
5,807,000 78 Egypt Alexandria
71%
5,550,000 86 Turkey Ankara
71%
5,767,000 79 Kenya Nairobi
71%
5,861,000 76 United States Philadelphia
71%
14,879,000 20 China Guangzhou
70%
14,826,000 21 Pakistan Lahore
70%
5,957,000 75 Ethiopia Addis Ababa
68%
4,991,000 95 Brazil Brasilia
68%
5,392,000 88 Australia Melbourne
68%
9,222,000 42 China Xian
68%
14,395,000 23 India Bangalore
67%
5,600,000 83 United States Washington DC
67%
10,028,000 36 Angola Luanda
65%
5,579,000 85 Mexico Guadalajara
64%
18,171,000 12 China Chongqing
59%
6,272,000 69 United States Atlanta
58%
13,545,000 25 China Shenzhen
56%
9,999,000 38 China Chengdu
55%
4,834,000 100 United States Phoenix
55%
11,338,000 34 India Hyderabad
53%
6,754,000 62 Sudan Khartoum
53%
4,854,000 99 Cameroon Yaounde
52%
6,057,000 74 Ivory Coast Abidjan
48%
5,813,000 77 Myanmar Yangon
48%
15,845,000 17 India Calcutta
47%
6,352,000 67 Brazil Belo Horizonte
45%
5,272,000 89 Mexico Monterrey
44%
14,704,000 22 China Tianjin
41%
10,175,000 35 China Nanjing
39%
5,653,000 81 Bangladesh Chittagong
38%
8,591,000 48 China Hangzhou
33%
8,582,000 49 India Surat
32%
4,956,000 96 China Kunming
29%
6,218,000 70 China Qingdao
29%
7,974,000 52 China Shenyang
29%
5,132,000 91 China Ürümqi
27%
5,128,000 92 China Changsha
26%
6,156,000 72 China Zhengzhou
26%
6,347,000 68 China Dalian
24%
6,066,000 73 China Jinan
21%
8,593,000 47 China Suzhou
20%
12,336,000 28 India Madras
18%
4,891,000 97 China Changchun
14%
7,783,000 55 China Dongguan
12%
7,817,000 54 China Foshan
9%
5,022,000 94 Saudi Arabia Jiddah
9%
5,466,000 87 Japan Kitakyushu
8%
7,067,000 58 China Haerbin
6%
7,526,000 57 India Poona
5%
9,062,000 43 India Ahmadabad
3%
9,535,000 41 Japan Kagoya
2%
8,562,000 50 Tanzania Dar es Salamm
0%
No matching quizzes found
Score Distribution
Percent of People with Each Score
Percentile by Number Answered
Your Score History
You have not taken this quiz